Представление документа в формате MARC21

Поле Инд. ПП Название Значение
Тип записи a
Библиографический уровень m
001 Контрольный номер 55278a74-2346-4e10-a941-be73c299488e
005 Дата корректировки 20140703150243.2
008 Кодируемые данные 060809
020 c Цена, тираж б/ц
040 a Служба первич. каталог. НБ ТвГУ
041 a Код языка текста rus
080 a Индекс УДК 1(470)(092)"19"(043.3)
a Индекс УДК 929Федотов
084 a Индекс другой классификации/Индекс ББК Ю3(2)6я031
090 x Авторский знак Р93
a Полочн. индекс Ю3(2)6
100 1_ a Автор Рыбачук Вадим Борисович
245 10 a Заглавие Философия культуры Г. П. Федотова
b Продолж. заглавия автореф. дис. ... канд. филос. наук : 09.00.03
c Ответственность Ин-т философии РАН
260 1_ a Место издания Москва
c Дата издания 1995
300 a Объем 18 с.
500 a Примечание На правах рукоп.
504 a Библиография Библиогр. в конце кн.
583 a Действие Получение впервые 295 08.08.2006
650 a Основная рубрика Федотов, Георгий Петрович, о нем
650 a Основная рубрика Культура
x Основная подрубрика Философия
650 a Основная рубрика Русская философия
x Основная подрубрика История
x Основная подрубрика 20 в.
653 a Ключевые слова Федотов
a Ключевые слова Русская философия
a Ключевые слова Философия культуры
a Ключевые слова История философии
a Ключевые слова Авторефераты
a Ключевые слова Персоналии
852 t Порядковый номер экземпляра 1
p Инвентарный номер б/н
888 a Бесплатные
930 a Новая/Ретро авторефераты
a Новая/Ретро персоналии
952 p 295.2006 б/ц 1 б/н
c Вид литературы А/Р н
954 a Дата поступления на обработку 20061025
999 a Подразделение 2 ч.з.